00766nam a2200253 a 4500001001300000003000900013005001700022008004100039020001300080082001900093100001900112245007200131260003900203300000900242500003500251505001000286650001800296650002700314700001900341902000800360942000700368952012000375999001700495nice12345678IN_TiNIC20260116013359.0050524s1983 lona grp 000 0 eng  ac332.2600a280.40942bFUL aFulbrook, Mary aPiety and Politicsb Religion and the Rise of Absolutism in England aLondonbCambridge Universityc1983 a215p aincludes index and biblioraphy2 aIndex aProtestantism aBritish-India Politics1 aFulbrook, Mary bSRS cBK 001040708StackRoom-aHMIbHMId2007-07-19g332.26l0o280.40942 FULp017526r2007-07-19v332.26w2005-05-24yBK c10781d10781